000 00649nam a2200277Ia 4500
005 20260324135442.0
008 008 260324s9999 xx 000 0 eng d
020 _a9780429126703
037 _aEBOOK
040 _aCRL
040 _beng
040 _cCRL
041 _2eng
041 _aeng
084 _qCRL
100 _aPaul B. Adamsen II
_91200666
245 2 _aA Framework for Complex System Development
260 _bTaylor and Francis
260 _c2000
365 _a
365 _b370
856 _uhttp://www.taylorfrancis.com/books/9780429126703
942 _cEBOOK
999 _c1801723
_d1801723